01359nam a22002412a 450000100060000000300080000600500170001400800410003103500510007204000270012304100080015008200240015824501070018226001110028930000260040049000460042650000230047250400370049550504790053265100370101170000230104883000460107136105BD-RjUL20211209052432.0140616r19441940wiub b 001 0 eng d a(BD-RjUL)36202aOCLC ocm01861513 from D960313M aDLCcTOLdBD-RjULbeng aeng a342.4bGOV V-2 194410aGovernments of continental Europe /cby James T. Shotwell, R. K. Gooch, Karl Loewenstein ... [et al.]. aMadison, Wis. :bPub. for the United States Armed forces institute by the Macmillan company,cc1940 [1944] a2 v. :bill. ;c20 cm1 a[U. S.] War dept. Education manual EM 254 aPaged continuously aIncludes bibliography and index.0 av. 1. Introduction, by J. T. Shotwell. The government and politics of France, by R. K. Gooch. Government and politics in Germany, by Karl Loewenstein. --v. 2. The government and politics of Italy, by A. J. Zurcher. Russia, the U.S.S.R., by M. T. Flo5 rinsky. The government and politcs of the Scandinavian countries, by Nils Herlitz and J. H. Wuorinen. The political system of Switzerland, by A. J. Zurcher. The government and politics of Belgium and Holland, by R. K. Gooch 0aEuropexPolitics and government.1 aShotwell, James T. 0a[U. S.] War dept. Education manual EM 254